000 00728cab a2200229 4500
001 X1267
008 090401t1994 xxu||||| |||| 00| 0 eng d
035 _a(Sirsi) u15901
041 _aeng
100 _aMorrison, D.
245 _aWhat`s in a name?
260 _c1994
350 _a0
490 _aEstates Gazette
_v(9404) 29 January 1994, 69(1)
650 _aAuctioneering
_96218
650 _aABOUT RICS-RELATED ORGANISATIONS-INCORPORATED SOCIETY OF VALUERS AND AUCTIONEERS
650 _aABOUT RICS-RELATED ORGANISATIONS-INCORPORATED SOCIETY OF VALUERS AND AUCTIONEERS
650 _aPROFESSIONAL INSTITUTIONS
690 _aMANAGEMENT-BUSINESS MANAGEMENT-PROFESSIONAL PRACTICE
942 _n0
948 _c04/03/1997
999 _c10469
_d10469